00593nam a2200193Ia 4500008004100000020001400041082001900055100002400074245004000098250000700138260003700145300002400182500001900206600002000225650002000245942000700265952011200272999001500384240925s9999 xx 000 0 und d a385196857 a362.402854 MCW aMcWilliams, Peter A 0aPersonal Computers and the Disabled aNA aNew York:bQuantum Pressc,1984. a324p.bNAfOriginal aIncludes Index aSocial Sciences aSocial Sciences cBK 001040708SSaUITUbUITUd1995-03-19eGiftl0o362.402854 MCWpQ0180r2024-09-25 07:11:59w2024-09-25yBK c2679d2679